000 00530nam a2200169 i 4500
001 61667
003 ES-MaACL
005 20230906164521.0
007 t|
008 031113s1909 fr ||||1| fre d
100 1 _aFabry, E.
_948582
245 1 0 _aTraité de mathematiques générales /
_cE. Fabry ; avec une préface de Gaston Darboux.
260 _aParis :
_bA. Hermann et Fils,
_c1909 (
_eSaint Amand :
_fBussière)
300 _aX, 440 p. :
_bil. ;
_c25 cm.
700 1 _aDarboux, Gaston.
_942689
852 _aES-MaACL
_jF-3082
999 _c61667
_d61667